[Event "Modra Slovakia op"]
[Site "Modra"]
[Date "2024.03.04"]
[Round "7"]
[White "Mruskovic, Radoslav"]
[Black "Palka, Miroslav"]
[Result "1/2-1/2"]
[WhiteElo "1933"]
[BlackElo "1780"]
[PlyCount "36"]
[EventDate "2024.03.01"]
[EventType "swiss"]
[EventRounds "9"]
[EventCountry "SVK"]
[SourceTitle "CB11_2024"]
[SourceDate "2024.03.13"]
[SourceVersion "1"]
[SourceVersionDate "2024.03.13"]
[SourceQuality "1"]

1. e4 c5 2. Nf3 d6 3. c3 Nc6 4. d4 cxd4 5. cxd4 Nf6 6. Nc3 g6 7. Bb5 Bd7 8. Bf4 Bg7 9. d5 Nb8 10. 0-0 0-0 11. Rc1 a6 12. Be2 Bg4 13. h3 Bxf3 14. Bxf3 Nbd7 15. Qd2 Qa5 16. Be3 Rac8 17. Be2 b5 18. a3 Ne5 1/2-1/2

[Event "Modra Slovakia op"]
[Site "Modra"]
[Date "2024.03.03"]
[Round "5"]
[White "Smolka, Robert"]
[Black "Palka, Miroslav"]
[Result "1/2-1/2"]
[WhiteElo "1620"]
[BlackElo "1780"]
[PlyCount "61"]
[EventDate "2024.03.01"]
[EventType "swiss"]
[EventRounds "9"]
[EventCountry "SVK"]
[SourceTitle "CB11_2024"]
[SourceDate "2024.03.13"]
[SourceVersion "1"]
[SourceVersionDate "2024.03.13"]
[SourceQuality "1"]

1. e4 c5 2. Nf3 d6 3. d4 cxd4 4. Nxd4 Nf6 5. Bd3 g6 6. Be3 Bg7 7. Nc3 0-0 8. f3 Nc6 9. Qd2 Nxd4 10. Bxd4 Be6 11. 0-0 a6 12. a4 Qa5 13. Be3 Rfe8 14. b4 Qc7 15. Bd4 Bc4 16. Rac1 Rac8 17. f4 e5 18. Be3 Ng4 19. f5 Nxe3 20. Qxe3 gxf5 21. Rxf5 Be6 22. Nd5 Bxd5 23. exd5 e4 24. Bxe4 Qc4 25. Rf4 Bd4 26. Bxh7+ Kxh7 27. Qxd4 Qxd4+ 28. Rxd4 Rc3 29. Rf4 Kg7 30. Rg4+ Kf8 31. Rh4 1/2-1/2

[Event "Ceske Budejovice op-B"]
[Site "Ceske Budejovice"]
[Date "2023.07.01"]
[Round "1"]
[White "Palka, Miroslav"]
[Black "Kutak, Jaroslav1111"]
[Result "1-0"]
[WhiteElo "1629"]
[BlackElo "1268"]
[PlyCount "27"]
[EventDate "2023.07.01"]
[EventType "swiss"]
[EventRounds "9"]
[EventCountry "CZE"]
[SourceTitle "EXT 2024"]
[Source "ChessBase"]
[SourceDate "2023.10.10"]
[SourceVersion "1"]
[SourceVersionDate "2023.10.10"]
[SourceQuality "1"]

1. c4 c5 2. Nc3 Nf6 3. e4 e6 4. g3 a6 5. Bg2 Nc6 6. Nge2 Ne7 7. d4 cxd4 8. Nxd4 Nc6 9. 0-0 Qb6 10. Be3 Bc5 11. Na4 Qa7 12. Nxc5 Qxc5 13. Nxe6 Qe5 14. Nxg7+ 1-0

[Event "SVK-chT4 A21 2122"]
[Site "Slovakia"]
[Date "2022.02.06"]
[Round "8.4"]
[White "Palka, Miroslav"]
[Black "Harasta, Marian"]
[Result "1-0"]
[WhiteElo "1754"]
[BlackElo "1668"]
[PlyCount "89"]
[EventDate "2021.10.17"]
[EventType "team-tourn"]
[EventRounds "11"]
[EventCountry "SVK"]
[SourceTitle "EXT 2023"]
[Source "ChessBase"]
[SourceDate "2022.10.05"]
[SourceVersion "1"]
[SourceVersionDate "2022.10.05"]
[SourceQuality "1"]
[WhiteTeam "Senica"]
[BlackTeam "Skalica II"]
[WhiteTeamCountry "SVK"]
[BlackTeamCountry "SVK"]

1. c4 d6 2. g3 Nc6 3. Bg2 e5 4. e4 Nf6 5. Ne2 Be6 6. d3 Qd7 7. Nbc3 Bh3 8. 0-0 Be7 9. Nd5 Bxg2 10. Kxg2 Nd8 11. f4 Nxd5 12. cxd5 f6 13. Nc3 Nf7 14. Be3 c5 15. dxc6 bxc6 16. d4 Rb8 17. b3 Rb4 18. Qd2 exd4 19. Bxd4 c5 20. Be3 Qb7 21. Kg1 0-0 22. Rad1 Rd8 23. Rfe1 Kf8 24. Bf2 Rb6 25. Nd5 Rc6 26. Rc1 Rdc8 27. Rc4 g5 28. Qc3 gxf4 29. gxf4 Qd7 30. Qf3 Kg7 31. Kh1 Kh8 32. Rg1 Ra6 33. Qg2 Ng5 34. fxg5 Rg8 35. Rc2 Bd8 36. Qf3 fxg5 37. Be1 h6 38. Bc3+ Kh7 39. Qd3 Rc6 40. Rf2 Qe8 41. Rgf1 h5 42. Nf6+ Bxf6 43. Rxf6 Rg6 44. Rf7+ Kh6 45. Rf8 1-0

[Event "SVK-chT4 A21 2122"]
[Site "Slovakia"]
[Date "2021.10.31"]
[Round "2.4"]
[White "Skodacek, Peter"]
[Black "Palka, Miroslav"]
[Result "0-1"]
[WhiteElo "1464"]
[BlackElo "1754"]
[PlyCount "78"]
[EventDate "2021.10.17"]
[EventType "team-tourn"]
[EventRounds "11"]
[EventCountry "SVK"]
[SourceTitle "EXT 2023"]
[Source "ChessBase"]
[SourceDate "2022.10.05"]
[SourceVersion "1"]
[SourceVersionDate "2022.10.05"]
[SourceQuality "1"]
[WhiteTeam "Piestany Kupele III"]
[BlackTeam "Senica"]
[WhiteTeamCountry "SVK"]
[BlackTeamCountry "SVK"]

1. d4 d5 2. c4 Nf6 3. cxd5 Nxd5 4. e4 Nb6 5. Nc3 g6 6. Nf3 Bg7 7. Be2 0-0 8. 0-0 Bg4 9. h3 Bxf3 10. Bxf3 Bxd4 11. Bh6 Bg7 12. Bxg7 Kxg7 13. Qb3 Nc6 14. Rad1 Nd4 15. Qb4 Nxf3+ 16. gxf3 Qc8 17. Qxe7 Qxh3 18. Qxc7 Qxf3 19. Qxb7 Rfe8 20. Qc7 Rac8 21. Qg3 Qf6 22. Rd6 Re6 23. Rfd1 Rxd6 24. Rxd6 Qe7 25. Qd3 Nc4 26. Qd4+ Kg8 27. Rd7 Qg5+ 28. Kf1 Nxb2 29. Nd5 Rc1+ 30. Ke2 Rc2+ 31. Kf1 Rc1+ 32. Ke2 Qg4+ 33. f3 Qg2+ 34. Ke3 Qg1+ 35. Kf4 Qxd4 36. Ne7+ Kf8 37. Nxg6+ hxg6 38. Rxd4 Rc7 39. Rb4 Nd3+ 0-1

[Event "Skalica op-B"]
[Site "Skalica"]
[Date "2021.08.29"]
[Round "9"]
[White "Palka, Miroslav"]
[Black "Sosovickova, Martina"]
[Result "1-0"]
[WhiteElo "1846"]
[BlackElo "1530"]
[PlyCount "81"]
[EventDate "2021.08.21"]
[EventType "swiss"]
[EventRounds "9"]
[EventCountry "SVK"]
[SourceTitle "CBM 204 Extra"]
[Source "ChessBase"]
[SourceDate "2021.11.30"]
[SourceVersion "1"]
[SourceVersionDate "2021.11.30"]
[SourceQuality "1"]

1. c4 c5 2. g3 Nc6 3. Bg2 g6 4. Nc3 Bg7 5. e4 d6 6. Nge2 h5 7. h4 Nh6 8. d3 0-0 9. 0-0 a6 10. Rb1 Rb8 11. a3 b5 12. cxb5 axb5 13. b4 cxb4 14. axb4 Ng4 15. f3 Qb6+ 16. d4 Nxd4 17. Kh1 Nxe2 18. Qxe2 Bxc3 19. fxg4 Bxg4 20. Bf3 Bxf3+ 21. Qxf3 Bf6 22. g4 hxg4 23. Qxg4 Bg7 24. h5 d5 25. Rg1 dxe4 26. hxg6 fxg6 27. Qxe4 Qb7 28. Qxb7 Rxb7 29. Rxg6 Rf1+ 30. Kg2 Kf7 31. Rxg7+ Kxg7 32. Kxf1 e5 33. Ke2 Kf6 34. Be3 Rc7 35. Rc1 Rb7 36. Rc5 Ke6 37. Bf2 Kd7 38. Rxe5 Kd6 39. Rc5 Re7+ 40. Kd3 Re5 41. Bg3 1-0

[Event "Skalica op-B"]
[Site "Skalica"]
[Date "2021.08.24"]
[Round "4"]
[White "Mach, Jan"]
[Black "Palka, Miroslav"]
[Result "0-1"]
[WhiteElo "1832"]
[BlackElo "1846"]
[PlyCount "46"]
[EventDate "2021.08.21"]
[EventType "swiss"]
[EventRounds "9"]
[EventCountry "SVK"]
[SourceTitle "CBM 204 Extra"]
[Source "ChessBase"]
[SourceDate "2021.11.30"]
[SourceVersion "1"]
[SourceVersionDate "2021.11.30"]
[SourceQuality "1"]

1. e4 c5 2. b3 d6 3. Bb5+ Bd7 4. Bxd7+ Nxd7 5. Bb2 Ngf6 6. d3 g6 7. Bxf6 Nxf6 8. Nc3 Bg7 9. Nge2 0-0 10. 0-0 d5 11. Rb1 dxe4 12. Nxe4 Nxe4 13. dxe4 Qa5 14. Qd7 Qxa2 15. Qxb7 Qxc2 16. Nf4 e6 17. Rbd1 Bd4 18. Nd3 Rab8 19. Qxa7 Rxb3 20. Qa4 Rfb8 21. h3 e5 22. Kh2 c4 23. Nc1 Rxh3+ 0-1

[Event "Prague op-B 19th"]
[Site "Prague"]
[Date "2020.01.13"]
[Round "5"]
[White "Kiseleva, Elizaveta"]
[Black "Palka, Miroslav"]
[Result "1/2-1/2"]
[WhiteElo "1668"]
[BlackElo "1860"]
[PlyCount "70"]
[EventDate "2020.01.10"]
[EventType "swiss"]
[EventRounds "9"]
[EventCountry "CZE"]
[SourceTitle "CBM 195 Extra"]
[Source "ChessBase"]
[SourceDate "2020.05.31"]
[SourceVersion "1"]
[SourceVersionDate "2020.05.31"]
[SourceQuality "1"]

1. e4 c5 2. Nf3 d6 3. d4 cxd4 4. Nxd4 Nf6 5. Nc3 g6 6. f3 Bg7 7. Be3 0-0 8. Bc4 Nc6 9. Qd2 Bd7 10. 0-0-0 Ne5 11. Bb3 Qa5 12. Nd5 Qxd2+ 13. Rxd2 Nxd5 14. Bxd5 Nc6 15. Nxc6 bxc6 16. Bb3 c5 17. Kb1 Rab8 18. Bxc5 dxc5 19. Rxd7 c4 20. Bxc4 Rxb2+ 21. Kc1 Rb4 22. Bb3 a5 23. Ra7 Rb5 24. Rd1 e6 25. Rdd7 Bh6+ 26. Kd1 Be3 27. Rab7 Rxb7 28. Rxb7 Rd8+ 29. Ke2 Bd2 30. Ba4 Bb4 31. Rd7 Rxd7 32. Bxd7 Kf8 33. Kd3 Ke7 34. Bb5 Bd6 35. h3 Bc7 1/2-1/2

[Event "Tatry op"]
[Site "Tatranske Zruby"]
[Date "2018.10.01"]
[Round "2"]
[White "Palka, Miroslav"]
[Black "Lys, Josef"]
[Result "0-1"]
[WhiteElo "1909"]
[BlackElo "2147"]
[PlyCount "100"]
[EventDate "2018.09.30"]
[EventType "swiss"]
[EventRounds "9"]
[EventCountry "SVK"]
[SourceTitle "CBM 186 Extra"]
[Source "ChessBase"]
[SourceDate "2018.08.24"]
[SourceVersion "1"]
[SourceVersionDate "2018.08.24"]
[SourceQuality "1"]

1. c4 e5 2. Nc3 Nf6 3. e4 Bc5 4. g3 d6 5. h3 0-0 6. Bg2 a6 7. Nge2 Nc6 8. 0-0 h6 9. d3 Nh7 10. Kh2 f5 11. f4 fxe4 12. Nxe4 Ba7 13. N2c3 Be6 14. Rb1 Qd7 15. Qe1 Nd4 16. b3 exf4 17. Bxf4 g5 18. Bd2 Rxf1 19. Qxf1 Rf8 20. Qh1 c6 21. Rf1 Nf5 22. g4 Ne3 23. Rxf8+ Kxf8 24. Bxe3 Bxe3 25. Qf1+ Kg7 26. Ne2 d5 27. N4g3 Nf6 28. Qf3 Bb6 29. Nf5+ Bxf5 30. gxf5 dxc4 31. bxc4 Qd6+ 32. Kh1 Bc7 33. Kg1 Qb4 34. Bf1 Qd2 35. a4 h5 36. d4 Bf4 37. Qc3 Qxc3 38. Nxc3 Be3+ 39. Kg2 Bxd4 40. Ne2 Be5 41. Kf3 Nd7 42. Nc1 Kf6 43. Bd3 Bc7 44. Bc2 Ne5+ 45. Ke4 Nxc4 46. Nb3 Nd6+ 47. Kd3 Nxf5 48. Nc5 b6 49. Ne4+ Kg6 50. Bd1 Nh6 0-1

[Event "SVK-chT3A2 1718"]
[Site "Slovakia"]
[Date "2018.03.04"]
[Round "10.5"]
[White "Palka, Miroslav"]
[Black "Csuri, Szilveszter"]
[Result "1-0"]
[WhiteElo "1920"]
[BlackElo "1956"]
[PlyCount "119"]
[EventDate "2017.10.08"]
[EventType "team-tourn"]
[EventRounds "11"]
[EventCountry "SVK"]
[SourceTitle "EXT 2020"]
[Source "ChessBase"]
[SourceDate "2019.10.17"]
[SourceVersion "1"]
[SourceVersionDate "2019.10.17"]
[SourceQuality "1"]
[WhiteTeam "Senica SK"]
[BlackTeam "Potonska Veza II"]
[WhiteTeamCountry "SVK"]
[BlackTeamCountry "SVK"]

1. c4 e5 2. Nc3 Nf6 3. e4 Bc5 4. Nge2 Nc6 5. h3 a6 6. g3 d6 7. Bg2 Be6 8. d3 0-0 9. 0-0 Nd4 10. Kh2 c6 11. Nxd4 Bxd4 12. f4 exf4 13. Bxf4 Be5 14. Rc1 Qb6 15. Qe2 Nd7 16. Be3 Bd4 17. Bxd4 Qxd4 18. Rcd1 Rae8 19. Qf2 Qxf2 20. Rxf2 Ne5 21. b3 f5 22. d4 Nd7 23. d5 cxd5 24. exd5 Bf7 25. Rxf5 Nf6 26. Rd2 Re3 27. Rf3 Rfe8 28. Rxe3 Rxe3 29. Nd1 Re1 30. Nf2 Bg6 31. Bf3 Ne4 32. Nxe4 Bxe4 33. Bxe4 Rxe4 34. Rf2 Re7 35. Kg2 b6 36. Kf3 a5 37. Re2 Rf7+ 38. Kg2 Rd7 39. Re8+ Kf7 40. Rb8 Re7 41. Kf3 Re1 42. Rxb6 Ra1 43. Rxd6 Rxa2 44. Ra6 Ra3 45. Kf4 Rxb3 46. Rxa5 g5+ 47. Kxg5 Rxg3+ 48. Kh4 Rd3 49. Rc5 Ke7 50. Rc6 Kd7 51. Kg4 Rd1 52. h4 Rg1+ 53. Kf5 h5 54. Ke5 Rg4 55. c5 Rxh4 56. Rh6 Rh1 57. Rh7+ Kc8 58. c6 h4 59. Kd6 Kb8 60. Kd7 1-0

[Event "Tatry op"]
[Site "Tatranska Lomnica"]
[Date "2017.10.15"]
[Round "9"]
[White "Bargel, Martin"]
[Black "Palka, Miroslav"]
[Result "1-0"]
[WhiteElo "2180"]
[BlackElo "1920"]
[PlyCount "111"]
[EventDate "2017.10.08"]
[EventType "swiss"]
[EventRounds "9"]
[EventCountry "SVK"]
[SourceTitle "CBM 181 Extra"]
[Source "ChessBase"]
[SourceDate "2017.12.12"]
[SourceVersion "1"]
[SourceVersionDate "2017.12.12"]
[SourceQuality "1"]

1. e4 c5 2. Nf3 d6 3. d4 cxd4 4. Nxd4 Nf6 5. Nc3 g6 6. Be3 Bg7 7. f3 0-0 8. g4 Nc6 9. Qd2 Nxd4 10. Bxd4 Be6 11. 0-0-0 Qa5 12. a3 Rfc8 13. h4 Rab8 14. Rh2 b5 15. Nd5 Qxd2+ 16. Rhxd2 Nxd5 17. exd5 Bxd4 18. Rxd4 Bd7 19. Re1 Kf8 20. Kd2 Rb6 21. Bd3 Re8 22. Rf4 a6 23. c3 Rbb8 24. g5 Kg7 25. h5 Rbc8 26. Rh4 e5 27. Reh1 Rh8 28. b4 Bf5 29. a4 Bxd3 30. Kxd3 Rhg8 31. h6+ Kf8 32. axb5 axb5 33. Ra1 f6 34. Ra7 fxg5 35. Rh2 Re8 36. Rha2 Re7 37. R2a6 Kf7 38. Rxe7+ Kxe7 39. Ra7+ Kf6 40. Rxh7 g4 41. fxg4 Kg5 42. Rg7 Rh8 43. h7 Kxg4 44. Rxg6+ Kf5 45. Rh6 Kg5 46. Rh1 Kf4 47. c4 bxc4+ 48. Kxc4 Ke4 49. Rh4+ Kf3 50. b5 e4 51. b6 e3 52. Rh3+ Ke4 53. b7 e2 54. Rh6 Kf3 55. Re6 Kf2 56. Kb5 1-0

[Event "SVK-chT3A2 1617"]
[Site "Slovakia"]
[Date "2017.02.19"]
[Round "9.4"]
[White "Palka, Miroslav"]
[Black "Nemsak, Denis"]
[Result "1/2-1/2"]
[WhiteElo "1929"]
[BlackElo "2013"]
[PlyCount "64"]
[EventDate "2016.10.16"]
[EventType "team-tourn"]
[EventRounds "11"]
[EventCountry "SVK"]
[SourceTitle "EXT 2020"]
[Source "ChessBase"]
[SourceDate "2019.10.17"]
[SourceVersion "1"]
[SourceVersionDate "2019.10.17"]
[SourceQuality "1"]
[WhiteTeam "Senica SK"]
[BlackTeam "Piestany Kupele"]
[WhiteTeamCountry "SVK"]
[BlackTeamCountry "SVK"]

1. c4 e5 2. Nc3 Nc6 3. g3 f5 4. Bg2 Nf6 5. e3 d5 6. cxd5 Nb4 7. d4 e4 8. Bf1 Nbxd5 9. Nge2 Be6 10. Bg2 c6 11. 0-0 Bd6 12. Nxd5 Bxd5 13. Nc3 0-0 14. Nxd5 Nxd5 15. Bd2 Qe7 16. Rc1 Rf6 17. Qe2 Rh6 18. f3 Re8 19. fxe4 fxe4 20. Rf5 Qe6 21. Rcf1 Qg6 22. Qc4 Rxh2 23. Kxh2 Qxg3+ 24. Kg1 Qh2+ 25. Kf2 Bg3+ 26. Ke2 Qxg2+ 27. Kd1 h6 28. Qe2 Qh3 29. Rh5 Qe6 30. Rhf5 Nf6 31. b3 Bh4 32. Be1 Bg5 1/2-1/2